00759cam a22002414a 45000010009000000050017000090080041000260100017000670200028000840400018001120410008001300420008001380800017001460820021001631000007001841010008001912450064001995040064002639060045003279420012003729990017003849520116004011234699920180312063554.0010314s2002 njua bf 001 0 eng  a 2001021603 a0130154954 (alk. paper) aDLCcDLCdDLC aeng apcc a547.0078 LEH00a547.0078 LEH2211 a12 aKIM10aMultiscale operational organic chemistry :cJohn W. Lehman. aIncludes bibliographical references (p. 835-840) and index. a7bcbccorignewd1eocipf20gy-gencatlg 2ddccBK c44721d44721 00102udc40708PËKGa002b002cPËKGd2018-03-12l0o547.0078 LEHp002-3001594r2018-03-12w2018-03-12yBK